Trends in Design Technology/ (Record no. 198054)

MARC details
000 -LEADER
fixed length control field 00567nam a2200181 4500
005 - DATE AND TIME OF LATEST TRANSACTION
control field 20230913154907.0
010 ## - LCCN (DPL NO)
LC control number ENG-138037
020 ## - INTERNATIONAL STANDARD BOOK NUMBER
Terms of availability 350.00
International Standard Book Number 9789393622174
035 ## - SYSTEM CONTROL NUMBER
System control number EN-121569
037 ## - SOURCE OF ACQUISITION
Source of stock number/acquisition DBAD/PUB
082 ## - DEWEY DECIMAL CLASSIFICATION NUMBER
Classification number 371.33
100 ## - MAIN ENTRY--PERSONAL NAME
Personal name Agrawal Neelam
245 ## - TITLE STATEMENT
Title Trends in Design Technology/
Statement of responsibility, etc By Neelam Agrawal
Medium ENGLISH
260 ## - PUBLICATION, DISTRIBUTION, ETC. (IMPRINT)
Place of publication, distribution, etc Tamilnadu
Name of publisher, distributor, etc Innovation Online Training Academy [IOTA]
Date of publication, distribution, etc 2023
270 ## - ADDRESS
City Coimbatore
Address 11C, Brindha Layout, Krishna nagar
300 ## - PHYSICAL DESCRIPTION
Extent 106p
Dimensions 25cm(pbk)
942 ## - ADDED ENTRY ELEMENTS (KOHA)
Source of classification or shelving scheme Dewey Decimal Classification
Item type English Books
Classification part 371.33
Call number suffix AGR
Holdings
Withdrawn status Lost status Not for loan Collection code Home library Current library Date acquired Source of acquisition Cost, normal purchase price Full call number Barcode Copy number Cost, replacement price Koha item type
      Non-fiction Central Jail Tihar Central Jail Tihar 13/09/2023 Dbad/Pub 350.00 371.33 AGR EN-121569 1 350.00 English Books

© Delhi Public Library
Hit Counter
free hit counter